[Event "Online Olym Div3 A 2020"]
[Site "chess.com INT"]
[Date "2020.07.07"]
[Round "1.4"]
[Board "3"]
[White "Lin, Ze Jun"]
[Black "Gan, Emily"]
[Result "1-0"]
[WhiteElo "1512"]
[BlackElo "1160"]
[WhiteTeam "Hong Kong"]
[BlackTeam "New Zealand"]
[WhiteFideId "6005861"]
[BlackFideId "4310608"]
[EventDate "2020.07.07"]
[EventType "team"]

1. e4 g6 2. d4 Bg7 3. Nc3 c6 4. f4 d6 5. Nf3 Nf6 6. Bd3 Bg4 7. h3 Bxf3 8. Qxf3
Nbd7 9. e5 dxe5 10. fxe5 Ng8 11. O-O Nh6 12. Bxh6 O-O 13. Bxg7 Kxg7 14. Rae1 e6
15. Ne4 f5 16. Nd6 Rb8 17. Bc4 Qe7 18. Qb3 b5 19. Bxe6 Nb6 20. a3 a5 21. d5 cxd5
22. Bxd5 a4 23. Qf3 Nxd5 24. Qxd5 Rbd8 25. Qc5 Qe6 26. Nxb5 Rd5 27. Nc7 Rxc5 28.
Nxe6+ Kf7 29. Nxc5 Rc8 30. e6+ Ke7 31. Nxa4 Rxc2 32. Rf3 Rc4 33. Rd3 Rc7 34. Nb6
Rb7 35. Rd7+ Rxd7 36. exd7+ Kd8 37. Re8+ Kc7 38. d8=Q+ Kc6 39. Re6+ Kb5 40. Qd3+
Kc5 41. Qc4# 1-0

[Event "Online Olym Div3 A 2020"]
[Site "chess.com INT"]
[Date "2020.07.07"]
[Round "1.4"]
[Board "5"]
[White "Kwong, Wing Ki"]
[Black "Fan, Allen Chi Zhou"]
[Result "0-1"]
[BlackTitle "FM"]
[WhiteElo "1876"]
[BlackElo "2134"]
[WhiteTeam "Hong Kong"]
[BlackTeam "New Zealand"]
[WhiteFideId "6002013"]
[BlackFideId "4304128"]
[EventDate "2020.07.07"]
[EventType "team"]

1. d4 Nf6 2. c4 g6 3. Nc3 Bg7 4. e4 d6 5. Be2 O-O 6. Bg5 Na6 7. Qd2 e5 8. d5 Qe8
9. f3 h5 10. h3 Nh7 11. Be3 h4 12. Bf2 Qe7 13. g3 f5 14. g4 Bf6 15. gxf5 gxf5
16. O-O-O Bg5 17. Be3 f4 18. Bf2 Nf6 19. c5 Nxc5 20. Bxc5 dxc5 21. Bc4 Kh8 22.
d6 cxd6 23. Qxd6 Qxd6 24. Rxd6 Bd7 25. Nge2 Bc6 26. Rhd1 Bh6 27. Nd5 Bg7 28. Ne7
Be8 29. Nf5 Bh5 30. Rg1 Ne8 31. Nxg7 Nxd6 32. Bd5 Bxf3 33. Nc3 Rg8 34. Rg6 Rxg7
35. Rxd6 Re8 36. Rh6+ Rh7 37. Rg6 Bh5 38. Rg5 Bf7 39. Bxb7 Be6 40. Nd5 Rxb7 41.
Nf6 Rf8 42. Rh5+ Kg7 43. Rh7+ Kxf6 44. Rxb7 f3 45. Kd2 f2 46. Ke2 Kg6 0-1

[Event "Online Olym Div3 A 2020"]
[Site "chess.com INT"]
[Date "2020.07.07"]
[Round "1.5"]
[Board "1"]
[White "Wong, Yinn Long"]
[Black "Ashiku, Franc"]
[Result "1/2-1/2"]
[WhiteTitle "FM"]
[BlackTitle "IM"]
[WhiteElo "2381"]
[BlackElo "2419"]
[WhiteTeam "Malaysia"]
[BlackTeam "Albania"]
[WhiteFideId "5707684"]
[BlackFideId "4700066"]
[EventDate "2020.07.07"]
[EventType "team"]

1. d4 f5 2. Bf4 Nf6 3. e3 d6 4. Nc3 g6 5. h4 Bg7 6. h5 e6 7. h6 Bf8 8. Bd3 Nc6
9. Nf3 Qe7 10. Bg5 Bd7 11. e4 Qf7 12. Qe2 Be7 13. a3 O-O-O 14. O-O-O fxe4 15.
Nxe4 Nd5 16. Qd2 Rdf8 17. Rh4 Nf6 18. Ng3 Nd5 19. Ne4 Nf6 20. Ng3 Nd5 21. Ne4 1/2-1/2

[Event "Online Olym Div3 A 2020"]
[Site "chess.com INT"]
[Date "2020.07.07"]
[Round "1.5"]
[Board "2"]
[White "Pasko, Llambi"]
[Black "Subramaniam, Sumant"]
[Result "1-0"]
[WhiteTitle "IM"]
[BlackTitle "FM"]
[WhiteElo "2410"]
[BlackElo "2155"]
[WhiteTeam "Albania"]
[BlackTeam "Malaysia"]
[WhiteFideId "4701178"]
[BlackFideId "5702720"]
[EventDate "2020.07.07"]
[EventType "team"]

1. d4 Nf6 2. c4 c5 3. d5 e6 4. Nc3 exd5 5. cxd5 d6 6. Nf3 g6 7. Bf4 Bg7 8. h3
O-O 9. e3 Na6 10. Be2 Nc7 11. a4 Re8 12. O-O b6 13. Qb3 Ne4 14. Nb5 a6 15. Nxd6
Nxd6 16. Qxb6 Bf8 17. Rfd1 Ne6 18. Qxd8 Nxd8 19. Rac1 N8b7 20. Ne5 Bg7 21. Nc4
Nxc4 22. Bxc4 Bxb2 23. Rb1 Na5 24. Ba2 Be5 25. d6 Bd7 26. Bg5 Rab8 27. Be7 Rxb1
28. Rxb1 Nc6 29. Rb7 Nb8 30. f4 Bg7 31. e4 Bf8 32. Bxf8 Rxf8 33. e5 Be6 34. Bxe6
fxe6 35. Rc7 Rf7 36. g3 Nd7 37. a5 g5 38. Ra7 gxf4 39. gxf4 Kg7 40. Rxa6 Rxf4
41. Ra7 Rf7 42. Rc7 Nxe5 43. a6 Nd7 44. a7 Nb6 45. d7 1-0

[Event "Online Olym Div3 A 2020"]
[Site "chess.com INT"]
[Date "2020.07.07"]
[Round "1.5"]
[Board "3"]
[White "Azhar, Puteri Munajjah Az-Zahraa"]
[Black "Shabanaj, Eglantina"]
[Result "0-1"]
[WhiteTitle "WIM"]
[BlackTitle "WCM"]
[WhiteElo "2046"]
[BlackElo "1996"]
[WhiteTeam "Malaysia"]
[BlackTeam "Albania"]
[WhiteFideId "5709040"]
[BlackFideId "4700562"]
[EventDate "2020.07.07"]
[EventType "team"]

1. e4 g6 2. d4 Bg7 3. Nc3 d6 4. Be3 c6 5. Qd2 Nd7 6. Bc4 Qc7 7. Nge2 Ngf6 8. f3
O-O 9. g4 b5 10. Bb3 a5 11. a3 e5 12. h4 h5 13. gxh5 Nxh5 14. d5 Nc5 15. Bxc5
dxc5 16. dxc6 c4 17. Nxb5 Qxc6 18. Ba4 Ba6 19. Qd5 Qb6 20. Qd6 Qe3 21. Nc7 Ng3
22. Rh2 Nxe2 23. Rxe2 Qg1+ 24. Kd2 Qxa1 25. Nxa8 Qxb2 26. Qxa6 Rd8+ 27. Ke1 Qc1+
28. Kf2 Qh1 29. Kg3 Bh6 30. Qf6 Bf4+ 31. Kg4 Qg1+ 0-1

[Event "Online Olym Div3 A 2020"]
[Site "chess.com INT"]
[Date "2020.07.07"]
[Round "1.5"]
[Board "4"]
[White "Tuzi, Bruna"]
[Black "Nithyalakshmi, Sivanesan"]
[Result "0-1"]
[WhiteTitle "WFM"]
[BlackTitle "WCM"]
[WhiteElo "1971"]
[BlackElo "1945"]
[WhiteTeam "Albania"]
[BlackTeam "Malaysia"]
[WhiteFideId "4701100"]
[BlackFideId "5706955"]
[EventDate "2020.07.07"]
[EventType "team"]

1. e4 e5 2. Nf3 Nc6 3. Bc4 d6 4. O-O Be7 5. d3 Nf6 6. Bb3 Bg4 7. c3 O-O 8. Re1
Na5 9. Bc2 c5 10. Nbd2 Qc7 11. Nf1 Rfe8 12. Ng3 b5 13. h3 Bd7 14. Be3 Rab8 15.
Nh2 b4 16. cxb4 Rxb4 17. b3 Nc6 18. Rc1 Qb8 19. Nh5 g6 20. Ng3 Bf8 21. h4 h5 22.
Qf3 Ng4 23. Bg5 Nd4 24. Qd1 Rb7 25. f3 Nxh2 26. Kxh2 Ne6 27. Qd2 Bg7 28. Rf1 Bb5
29. Ne2 Nxg5 30. hxg5 Bd7 31. Nc3 Be6 32. Bd1 Qd8 33. g4 hxg4 34. fxg4 f6 35.
Rh1 fxg5 36. Kg3 Qf6 37. Qh2 Qf4+ 38. Kg2 Qxc1 39. Qh7+ Kf8 40. Ne2 Qe3 41. Rf1+
Rf7 42. Qxg6 Rxf1 43. Kxf1 Re7 44. b4 cxb4 45. Ba4 Bxg4 46. Bd1 Rf7+ 47. Ke1 Rf6
48. Qh7 Bxe2 49. Bxe2 Qc1+ 50. Bd1 Qf4 51. Be2 Rh6 52. Qf5+ Qxf5 53. exf5 Rh2
54. Kd2 g4 55. Ke3 Bh6+ 56. Ke4 Rxe2+ 57. Kd5 g3 0-1

[Event "Online Olym Div3 A 2020"]
[Site "chess.com INT"]
[Date "2020.07.07"]
[Round "1.5"]
[Board "5"]
[White "Mohd Saprin, Amir Ghaazi"]
[Black "Veleshnja, Zino"]
[Result "1-0"]
[WhiteElo "1951"]
[BlackElo "2287"]
[WhiteTeam "Malaysia"]
[BlackTeam "Albania"]
[WhiteFideId "5712580"]
[BlackFideId "4701313"]
[EventDate "2020.07.07"]
[EventType "team"]

1. Nf3 Nf6 2. c4 g6 3. g3 Bg7 4. Bg2 O-O 5. O-O d6 6. Nc3 c5 7. d4 Nc6 8. dxc5
dxc5 9. Qa4 Bd7 10. Be3 b6 11. Qc2 Rc8 12. Rfd1 Qc7 13. Bf4 e5 14. Nb5 Qb8 15.
Bg5 Bf5 16. Qa4 Ne4 17. h3 Nxg5 18. Nxg5 Nd4 19. Qxa7 Nxe2+ 20. Kf1 Nd4 21. g4
Be6 22. Nxe6 fxe6 23. Qxb8 Rxb8 24. Nxd4 exd4 25. Re1 d3 26. Rad1 Rbd8 27. Rxe6
Bxb2 28. Bd5 Bd4 29. f3 Rxd5 30. cxd5 Rxf3+ 31. Kg2 Rf2+ 32. Kg3 c4 33. d6 Rf7
34. Re4 Bf2+ 35. Kg2 b5 36. a4 bxa4 37. Rxc4 Bb6 38. Rxa4 Rf2+ 39. Kg3 d2 40. d7
Rf8 41. Rxd2 Bc7+ 42. Kg2 Rd8 43. Rc4 Bf4 44. Rc8 Bg5 45. Re2 1-0

[Event "Online Olym Div3 A 2020"]
[Site "chess.com INT"]
[Date "2020.07.07"]
[Round "1.5"]
[Board "6"]
[White "Shuqja, Klean"]
[Black "Chua, Jia-Tien"]
[Result "1-0"]
[WhiteTitle "WCM"]
[BlackTitle "WCM"]
[WhiteElo "1838"]
[BlackElo "1822"]
[WhiteTeam "Albania"]
[BlackTeam "Malaysia"]
[WhiteFideId "4701585"]
[BlackFideId "5710006"]
[EventDate "2020.07.07"]
[EventType "team"]

1. b3 d5 2. Bb2 c6 3. Nf3 Bf5 4. e3 Nd7 5. Nh4 Bg6 6. f4 e6 7. Nxg6 hxg6 8. d3
Ngf6 9. Nd2 Bd6 10. Nf3 Qc7 11. Qd2 e5 12. g3 O-O-O 13. O-O-O Rde8 14. Bg2 exf4
15. exf4 Nh5 16. Rde1 Nxf4 17. Bxg7 Rhg8 18. Bb2 Nxg2 19. Qxg2 Ne5 20. Nxe5 Bxe5
21. Re2 Re7 22. Rhe1 Rge8 23. Bxe5 Rxe5 24. Qh3+ R5e6 25. Rxe6 fxe6 26. Rxe6 Kd8
27. Rxe8+ Kxe8 28. Qh8+ Ke7 29. Qg7+ Kd6 30. Qxc7+ Kxc7 31. d4 Kd6 32. Kd2 Ke6
33. Ke3 Kf5 34. Kf3 g5 35. h3 b6 36. b4 a6 37. a3 a5 38. bxa5 bxa5 39. a4 Kf6
40. Kg4 Kg6 41. h4 gxh4 42. gxh4 Kh6 43. Kf4 Kh5 44. Ke5 Kxh4 45. Kd6 Kg4 46.
Kxc6 Kf4 47. Kxd5 Ke3 48. c4 Kd3 49. c5 Kc3 50. c6 Kb4 51. c7 Kxa4 52. c8=Q Ka3
53. Qa6 a4 54. Kc4 Kb2 55. Qxa4 Kb1 56. Qb3+ Ka1 57. Qe3 Ka2 58. Qc3 Kb1 59. Qd2
Ka1 60. Kb3 Kb1 61. Qb2# 1-0

[Event "Online Olym Div3 A 2020"]
[Site "chess.com INT"]
[Date "2020.07.07"]
[Round "2.1"]
[Board "1"]
[White "Villegas, Pierre"]
[Black "Ashiku, Franc"]
[Result "0-1"]
[WhiteTitle "IM"]
[BlackTitle "IM"]
[WhiteElo "2364"]
[BlackElo "2419"]
[WhiteTeam "Monaco"]
[BlackTeam "Albania"]
[WhiteFideId "654183"]
[BlackFideId "4700066"]
[EventDate "2020.07.07"]
[EventType "team"]

1. d4 f5 2. Nc3 d5 3. Bf4 e6 4. e3 Nf6 5. Nf3 Bd6 6. Bd3 O-O 7. O-O a6 8. Ne2
Ne4 9. c4 c6 10. Qc2 Qe7 11. Bxd6 Nxd6 12. Ne5 Nd7 13. f4 Kh8 14. b4 Nf6 15. c5
Nf7 16. a4 Bd7 17. Nc3 Rg8 18. b5 Nxe5 19. fxe5 Ng4 20. Qe2 axb5 21. axb5 Qg5
22. bxc6 Bxc6 23. Rae1 Ra3 24. Qd2 Nxe3 25. Rxe3 Rxc3 26. Ra1 Qf4 27. Qxc3 Qxe3+
28. Kh1 Bb5 29. Rd1 Ra8 30. h3 Bc4 31. Ra1 Rf8 32. Ra3 Bxd3 33. Qxd3 Qc1+ 34.
Kh2 f4 35. Qc3 Qd1 36. Qd3 Qh5 37. Qf3 Qxf3 38. gxf3 g5 39. Rb3 Rf7 40. Rb6 Re7
41. h4 Kg7 42. Kh3 Kg6 43. hxg5 Kxg5 44. Rb5 Kf5 45. Rb6 Rg7 46. Kh2 h5 47. Rb3
h4 48. Kh3 Rg8 49. Kh2 Rg3 50. Rc3 h3 51. Rb3 Rg2+ 52. Kxh3 Rd2 53. Rb4 Rf2 54.
Rb3 Kg5 55. Rxb7 Rxf3+ 56. Kg2 Rd3 57. Rf7 Kg4 58. c6 Rxd4 59. c7 Rc4 60. Kf2
Rc2+ 61. Ke1 Kf3 62. Kd1 Rc6 63. Rf6 Rxc7 64. Rxe6 Ke4 65. Kd2 Ra7 66. Re8 Ra2+
67. Kd1 f3 68. e6 Ra1+ 69. Kd2 Ra2+ 70. Kd1 Kd3 71. Kc1 f2 0-1

[Event "Online Olym Div3 A 2020"]
[Site "chess.com INT"]
[Date "2020.07.07"]
[Round "2.1"]
[Board "2"]
[White "Pasko, Llambi"]
[Black "Efimov, Igor"]
[Result "0-1"]
[WhiteTitle "IM"]
[BlackTitle "GM"]
[WhiteElo "2410"]
[BlackElo "2409"]
[WhiteTeam "Albania"]
[BlackTeam "Monaco"]
[WhiteFideId "4701178"]
[BlackFideId "806404"]
[EventDate "2020.07.07"]
[EventType "team"]

1. d4 Nf6 2. c4 e6 3. e3 d5 4. Nc3 dxc4 5. Bxc4 a6 6. a4 Nbd7 7. a5 Bb4 8. Ne2
c5 9. Qa4 O-O 10. Qa2 b6 11. axb6 Nxb6 12. dxc5 Nxc4 13. Qxc4 a5 14. Qd4 Qc7 15.
O-O Ba6 16. Ra2 Rfd8 17. Qh4 Qxc5 18. e4 Qc4 19. Re1 Nxe4 20. b3 Qd3 21. Nxe4
Bxe1 22. Bb2 Qxe2 23. Nf6+ gxf6 24. Qg3+ Kf8 25. Ba3+ Bb4 26. Bxb4+ axb4 0-1

[Event "Online Olym Div3 A 2020"]
[Site "chess.com INT"]
[Date "2020.07.07"]
[Round "2.1"]
[Board "3"]
[White "Dornbusch, Tatiana"]
[Black "Shabanaj, Eglantina"]
[Result "1-0"]
[WhiteTitle "WGM"]
[BlackTitle "WCM"]
[WhiteElo "2268"]
[BlackElo "1996"]
[WhiteTeam "Monaco"]
[BlackTeam "Albania"]
[WhiteFideId "14107449"]
[BlackFideId "4700562"]
[EventDate "2020.07.07"]
[EventType "team"]

1. d4 d5 2. c4 c6 3. Nf3 e6 4. Nc3 f5 5. Bf4 Nf6 6. e3 Bd6 7. Bd3 O-O 8. O-O Qc7
9. Bxd6 Qxd6 10. Qc2 Ne4 11. Ne5 Nd7 12. f3 Nxc3 13. Qxc3 Nf6 14. Rac1 Bd7 15.
Rfe1 Be8 16. cxd5 Nxd5 17. Qb3 b5 18. Kh1 f4 19. exf4 Nxf4 20. Be4 Qxd4 21. Qc2
g6 22. Bxc6 Rc8 23. Qe4 Qf2 24. Rc2 Bxc6 25. Nxc6 Qh4 26. g3 Qf6 27. gxf4 Rce8
28. Ne5 Qh4 29. Ng4 Rf5 30. Rce2 Kf7 31. Ne5+ Kg8 32. Nd3 a6 33. Qc6 Re7 34.
Rxe6 Ref7 35. Re8+ Kg7 36. Qc3+ Kh6 37. R8e6 Rh5 38. R1e2 Qh3 39. Kg1 Qxf3 40.
Ne1 Qg4+ 41. Qg3 Qf5 42. R6e5 Qxf4 43. Qxf4+ Rxf4 44. Rxh5+ Kxh5 45. Nd3 Rd4 46.
Nc5 a5 47. Nb3 Ra4 48. a3 g5 49. Re5 Rg4+ 50. Kf2 a4 51. Nd2 b4 52. Rb5 b3 53.
Rb4 Kh4 54. Nf3+ Kh5 55. Rxg4 Kxg4 56. Ne5+ Kf5 57. Nd3 h5 58. Nc5 Ke5 59. Nxa4
Kd4 60. h3 Kd3 61. Kf3 Kc2 62. Ke4 Kb1 63. Kf3 Kc2 64. Ke4 Kd2 65. Nc5 Kc2 66.
a4 Kxb2 67. a5 Kc3 68. Nxb3 Kxb3 69. a6 g4 70. hxg4 hxg4 71. a7 g3 72. Kf3 1-0

[Event "Online Olym Div3 A 2020"]
[Site "chess.com INT"]
[Date "2020.07.07"]
[Round "2.1"]
[Board "5"]
[White "Cuttoli, Alexandre"]
[Black "Veleshnja, Zino"]
[Result "0-1"]
[WhiteElo "2044"]
[BlackElo "2287"]
[WhiteTeam "Monaco"]
[BlackTeam "Albania"]
[WhiteFideId "36007293"]
[BlackFideId "4701313"]
[EventDate "2020.07.07"]
[EventType "team"]

1. d4 Nf6 2. c4 g6 3. Nc3 Bg7 4. e4 d6 5. Nf3 O-O 6. Be2 e5 7. O-O Nc6 8. d5 Ne7
9. Nd2 a5 10. Rb1 Ne8 11. a3 f5 12. b4 axb4 13. axb4 Nf6 14. f3 f4 15. c5 g5 16.
Nc4 h5 17. Nb5 Bd7 18. Nxc7 Qxc7 19. cxd6 Qd8 20. dxe7 Qxe7 21. d6 Qe8 22. Bb2
g4 23. Nxe5 g3 24. Nxd7 gxh2+ 25. Kh1 Nxd7 26. Bxg7 Kxg7 27. Bb5 Rf6 28. e5 Qxe5
29. Bxd7 Rxd6 30. Qc2 Rxd7 31. Rfe1 Qf6 32. Qc4 Rad8 33. Qe4 b6 34. Rbc1 h4 35.
Rc6 Rd6 36. Rc7+ R6d7 37. Qb7 Qd6 38. Rxd7+ Rxd7 39. Qe4 Qf6 40. Kxh2 Rf7 41.
Qc4 Qg6 42. Qd4+ Kh7 43. Qd5 Qg3+ 44. Kg1 Qxe1+ 45. Kh2 Qg3+ 46. Kg1 Qg6 47. Kh2
Re7 48. Qd2 Qg3+ 0-1

[Event "Online Olym Div3 A 2020"]
[Site "chess.com INT"]
[Date "2020.07.07"]
[Round "2.1"]
[Board "6"]
[White "Shuqja, Klean"]
[Black "Lomandong, Noela-Joyce"]
[Result "1-0"]
[WhiteTitle "WCM"]
[BlackTitle "WFM"]
[WhiteElo "1838"]
[BlackElo "1946"]
[WhiteTeam "Albania"]
[BlackTeam "Monaco"]
[WhiteFideId "4701585"]
[BlackFideId "5400384"]
[EventDate "2020.07.07"]
[EventType "team"]

1. b3 b6 2. Bb2 Bb7 3. c4 Nf6 4. Nf3 e6 5. e3 d5 6. cxd5 exd5 7. Be2 Bd6 8. O-O
O-O 9. d4 Nbd7 10. Nc3 a6 11. Rc1 Qe7 12. Nd2 Rac8 13. Bf3 b5 14. a4 b4 15. Ne2
Ne4 16. Bxe4 dxe4 17. Nc4 Nf6 18. Ng3 Bxg3 19. hxg3 Bd5 20. Ne5 Qe6 21. Qd2 a5
22. Rc5 Bxb3 23. Rxa5 Rb8 24. Rc1 Nd5 25. Ba1 f6 26. Nc6 Rb6 27. Rac5 Bxa4 28.
Rxd5 Qxd5 29. Ne7+ Kf7 30. Nxd5 Rc6 31. Rxc6 Bxc6 32. Nxb4 Bd7 33. Qa2+ 1-0

[Event "Online Olym Div3 A 2020"]
[Site "chess.com INT"]
[Date "2020.07.07"]
[Round "2.2"]
[Board "1"]
[White "Ker, Anthony F"]
[Black "Wong, Yinn Long"]
[Result "0-1"]
[WhiteTitle "IM"]
[BlackTitle "FM"]
[WhiteElo "2298"]
[BlackElo "2381"]
[WhiteTeam "New Zealand"]
[BlackTeam "Malaysia"]
[WhiteFideId "4300084"]
[BlackFideId "5707684"]
[EventDate "2020.07.07"]
[EventType "team"]

1. e4 c5 2. Nc3 g6 3. f4 Bg7 4. Nf3 Nc6 5. Bb5 Nd4 6. O-O e6 7. e5 a6 8. Bd3
Nxf3+ 9. Qxf3 d5 10. exd6 Qxd6 11. Be4 Rb8 12. Qe2 Ne7 13. d3 O-O 14. Be3 Nd5
15. Bd2 f5 16. Bxd5 exd5 17. Rae1 Bd4+ 18. Kh1 Bf6 19. Qf3 Be6 20. Rxe6 Qxe6 21.
Re1 Qd6 22. Nxd5 Bg7 23. b3 Rbe8 24. c4 Rxe1+ 25. Bxe1 Re8 26. Bf2 Qe6 27. h3
Qe2 28. Qxe2 Rxe2 29. Bxc5 Rxa2 30. Ne7+ Kf7 31. Nc8 Rd2 32. Nd6+ Ke6 33. Nxb7
Rxd3 34. Bb6 Bf8 35. Na5 Bd6 36. Kg1 Kd7 37. Kf2 Bxf4 38. c5 Bc7 39. c6+ Kc8 40.
Nc4 Rxb3 41. Be3 Rc3 42. Nb6+ Bxb6 43. Bxb6 Rxc6 44. Ba5 Kb7 45. Ke3 Rc5 46. Bb4
Rb5 47. Bf8 Kc6 48. g4 Kd5 49. gxf5 gxf5 50. Kf4 Ke6 51. h4 a5 52. Kg5 Kf7 53.
Ba3 a4 54. Kh6 Kg8 55. h5 Rb3 56. Be7 f4 0-1

[Event "Online Olym Div3 A 2020"]
[Site "chess.com INT"]
[Date "2020.07.07"]
[Round "2.2"]
[Board "2"]
[White "Looi, Xin Hao"]
[Black "Duneas, John"]
[Result "1/2-1/2"]
[BlackTitle "FM"]
[WhiteElo "2101"]
[BlackElo "2147"]
[WhiteTeam "Malaysia"]
[BlackTeam "New Zealand"]
[WhiteFideId "5702828"]
[BlackFideId "4302052"]
[EventDate "2020.07.07"]
[EventType "team"]

1. d4 e6 2. Nc3 d5 3. e4 Nf6 4. Bg5 dxe4 5. Nxe4 Be7 6. Bxf6 gxf6 7. Nf3 a6 8.
c3 f5 9. Ng3 h5 10. Ne5 Bf6 11. Bd3 h4 12. Nh5 Bxe5 13. dxe5 Nd7 14. Qe2 Qg5 15.
Nf6+ Nxf6 16. exf6 Qxf6 17. O-O-O Bd7 18. Kb1 O-O-O 19. Bxa6 Bc6 20. Bb5 Bxg2
21. Rhg1 Be4+ 22. Ka1 Rxd1+ 23. Rxd1 Rd8 24. f3 Rxd1+ 25. Qxd1 Bd5 26. c4 Bc6
27. Bxc6 bxc6 28. a4 Qe5 29. Qd2 f4 30. Ka2 Qe3 31. Qg2 Kb7 32. b3 e5 33. Qg4 c5
34. Qd7 Qxf3 35. Qb5+ Kc8 36. Qe8+ Kb7 37. Qb5+ Ka8 38. Qe8+ Ka7 39. Qb5 Qb7 40.
Qxc5+ Kb8 41. Qxe5 Qg2+ 42. Ka3 f3 43. Qb5+ Kc8 44. Qe8+ Kb7 45. Qb5+ Kc8 46.
Qe8+ Kb7 47. Qb5+ Kc8 1/2-1/2

[Event "Online Olym Div3 A 2020"]
[Site "chess.com INT"]
[Date "2020.07.07"]
[Round "2.2"]
[Board "3"]
[White "Qin, Nicole Shu Yu"]
[Black "Azhar, Puteri Munajjah Az-Zahraa"]
[Result "1/2-1/2"]
[WhiteTitle "WCM"]
[BlackTitle "WIM"]
[WhiteElo "1629"]
[BlackElo "2046"]
[WhiteTeam "New Zealand"]
[BlackTeam "Malaysia"]
[WhiteFideId "4304306"]
[BlackFideId "5709040"]
[EventDate "2020.07.07"]
[EventType "team"]

1. d4 d5 2. c4 e6 3. Nc3 Nf6 4. e3 Be7 5. Nf3 O-O 6. Qc2 b6 7. cxd5 exd5 8. g3
Bb7 9. Bg2 Nbd7 10. O-O c5 11. Rd1 c4 12. a4 Bb4 13. Bd2 a5 14. Na2 Bxd2 15.
Nxd2 Qe7 16. Nc3 Rac8 17. Re1 Qb4 18. Na2 Qe7 19. Nc3 Qb4 20. Na2 Qe7 21. Nc3 1/2-1/2

[Event "Online Olym Div3 A 2020"]
[Site "chess.com INT"]
[Date "2020.07.07"]
[Round "2.2"]
[Board "4"]
[White "Nithyalakshmi, Sivanesan"]
[Black "Ning, Isabelle Yixuan"]
[Result "1-0"]
[WhiteTitle "WCM"]
[WhiteElo "1945"]
[BlackElo "1758"]
[WhiteTeam "Malaysia"]
[BlackTeam "New Zealand"]
[WhiteFideId "5706955"]
[BlackFideId "4307763"]
[EventDate "2020.07.07"]
[EventType "team"]

1. d4 Nf6 2. c4 g6 3. Nc3 Bg7 4. e4 d6 5. h3 O-O 6. Nf3 e5 7. d5 c6 8. g4 cxd5
9. cxd5 h6 10. Be3 Nbd7 11. Qd2 Kh7 12. g5 hxg5 13. Nxg5+ Kg8 14. Be2 Nc5 15.
O-O-O Bd7 16. Kb1 a6 17. Rdg1 b5 18. Bxc5 dxc5 19. h4 b4 20. Nd1 a5 21. h5 b3
22. a3 Qc7 23. Nc3 c4 24. h6 Bh8 25. h7+ Kg7 26. Nf3 Ng4 27. Rxg4 Bxg4 28. Qh6+
Kf6 29. Qg5+ Kg7 30. Qxg4 f5 31. Qg5 fxe4 32. Qh6+ Kf7 33. Nxe4 Qd7 34. Nfg5+
Ke8 35. Qxg6+ Kd8 36. Bg4 Qxd5 37. Rd1 Qxd1+ 38. Bxd1 c3 39. Qd6+ Ke8 40. Bh5+ 1-0

[Event "Online Olym Div3 A 2020"]
[Site "chess.com INT"]
[Date "2020.07.07"]
[Round "2.2"]
[Board "5"]
[White "Gong, Daniel Hanwen"]
[Black "Navaratnam, Rohan Shan Tze"]
[Result "1/2-1/2"]
[WhiteTitle "FM"]
[BlackTitle "FM"]
[WhiteElo "2240"]
[BlackElo "2071"]
[WhiteTeam "New Zealand"]
[BlackTeam "Malaysia"]
[WhiteFideId "4303962"]
[BlackFideId "5727413"]
[EventDate "2020.07.07"]
[EventType "team"]

1. d4 Nf6 2. Bf4 b5 3. e3 a6 4. a4 b4 5. Nf3 e6 6. c4 Bb7 7. Bd3 Be7 8. h3 d6 9.
a5 O-O 10. Nbd2 c5 11. O-O Nbd7 12. Bh2 Rc8 13. Re1 Rc7 14. Nb3 Qa8 15. dxc5
Nxc5 16. Nxc5 Rxc5 17. Be2 Rd8 18. Qb3 d5 19. Qxb4 dxc4 20. Qa4 Nd5 21. Bxc4 Nb4
22. Qxb4 Bxf3 23. Bf1 Bxg2 24. Bxg2 Rg5 25. Qg4 Rxg4 26. hxg4 Qa7 27. Rec1 Bf8
28. Rc7 Qb8 29. Rb7 Qc8 30. Rc7 Qb8 31. Rb7 Qc8 32. Rc7 Qb8 1/2-1/2

[Event "Online Olym Div3 A 2020"]
[Site "chess.com INT"]
[Date "2020.07.07"]
[Round "2.2"]
[Board "6"]
[White "Chua, Jia-Tien"]
[Black "Thurner, Anya"]
[Result "1-0"]
[WhiteTitle "WCM"]
[WhiteElo "1822"]
[BlackElo "1320"]
[WhiteTeam "Malaysia"]
[BlackTeam "New Zealand"]
[WhiteFideId "5710006"]
[BlackFideId "4307780"]
[EventDate "2020.07.07"]
[EventType "team"]

1. e4 e5 2. Nf3 Nc6 3. Bc4 Bc5 4. c3 Nf6 5. d3 d6 6. Nbd2 O-O 7. Nf1 Be6 8. Bb5
h6 9. Ng3 a6 10. Ba4 Qe7 11. O-O b5 12. Bc2 Bd7 13. a3 Rfe8 14. h3 Rad8 15. Re1
Bb6 16. d4 Qf8 17. Be3 Na5 18. Nh4 Nc4 19. b3 Nxe3 20. fxe3 Bc8 21. Qf3 c6 22.
Nhf5 Bxf5 23. Nxf5 Nh7 24. h4 g6 25. Ng3 Qg7 26. Rf1 Re6 27. b4 Rf6 28. Qe2 Re8
29. Bb3 Re7 30. Qg4 Rxf1+ 31. Rxf1 Nf6 32. Qc8+ Re8 33. Qxc6 Bd8 34. Qxd6 Re7
35. Qxd8+ Re8 36. Qxf6 1-0

[Event "Online Olym Div3 A 2020"]
[Site "chess.com INT"]
[Date "2020.07.07"]
[Round "2.3"]
[Board "1"]
[White "Kwon, Sehyun"]
[Black "Deng, Yu Dong Michael"]
[Result "1-0"]
[WhiteTitle "CM"]
[BlackTitle "CM"]
[WhiteElo "2194"]
[BlackElo "2138"]
[WhiteTeam "South Korea"]
[BlackTeam "Hong Kong"]
[WhiteFideId "13203088"]
[BlackFideId "6002420"]
[EventDate "2020.07.07"]
[EventType "team"]

1. e4 c5 2. Nf3 d6 3. Bb5+ Bd7 4. Bxd7+ Qxd7 5. c4 Nf6 6. Nc3 g6 7. d4 cxd4 8.
Nxd4 Bg7 9. b3 Nc6 10. Bb2 O-O 11. O-O a6 12. Nxc6 Qxc6 13. Nd5 Nxd5 14. exd5
Qd7 15. Bxg7 Kxg7 16. Qd4+ Kg8 17. a4 Rfc8 18. Rfe1 b5 19. cxb5 axb5 20. a5 Qb7
21. b4 Rc4 22. Qd2 Qa7 23. Rad1 Rac8 24. Re2 Rd4 25. Qe1 Rxd1 26. Qxd1 Qd4 27.
Qe1 Qxd5 28. Rxe7 Kf8 29. h3 Qg5 30. Re3 d5 31. Qd2 Qf5 32. Qd4 Kg8 33. Re5 Qb1+
34. Kh2 Qc2 35. Rxd5 Qc7+ 36. g3 Qc4 37. Rd6 Qxd4 38. Rxd4 Kf8 39. Rd5 Rb8 40.
Re5 f6 41. Re6 Kf7 42. Rb6 1-0

[Event "Online Olym Div3 A 2020"]
[Site "chess.com INT"]
[Date "2020.07.07"]
[Round "2.3"]
[Board "2"]
[White "Lau, Lut Yin Luke"]
[Black "Nam, Kanghyeon"]
[Result "1-0"]
[WhiteElo "1991"]
[BlackElo "1596"]
[WhiteTeam "Hong Kong"]
[BlackTeam "South Korea"]
[WhiteFideId "6002226"]
[BlackFideId "13208810"]
[EventDate "2020.07.07"]
[EventType "team"]

1. e4 d6 2. d4 Nf6 3. Nc3 g6 4. Be3 Bg7 5. Qd2 c6 6. h3 O-O 7. Bh6 b5 8. a3 a5
9. Nf3 Bb7 10. Bd3 Nbd7 11. e5 dxe5 12. dxe5 Nh5 13. g4 c5 14. Be4 Bxe4 15. Nxe4
Nxe5 16. Nxe5 Qc7 17. Nd3 c4 18. Bxg7 Nxg7 19. Qh6 f6 20. Ndc5 Qe5 21. O-O-O b4
22. f4 Qc7 23. Qxg7+ Kxg7 24. Ne6+ Kf7 25. Nxc7 Rac8 26. Nd5 Rc5 1-0